2017 College Football AP Poll - Statistics

General Stats
  • This quiz has been taken 46 times
  • The average score is 337 of 400
Answer Stats
Week Rank Team W L Conference % Correct
Preseason 1 Alabama 0 0 SEC
100%
Week 1 (9/5) 1 Alabama 1 0 SEC
100%
Week 2 (9/10) 1 Alabama 2 0 SEC
100%
Week 3 (9/17) 1 Alabama 3 0 SEC
100%
Week 4 (9/24) 1 Alabama 4 0 SEC
100%
Week 5 (10/1) 1 Alabama 5 0 SEC
100%
Week 6 (10/8) 1 Alabama 6 0 SEC
100%
Week 7 (10/15) 1 Alabama 7 0 SEC
100%
Week 8 (10/22) 1 Alabama 8 0 SEC
100%
Week 9 (10/29) 1 Alabama 8 0 SEC
100%
Week 10 (11/5) 1 Alabama 9 0 SEC
100%
Week 11 (11/12) 1 Alabama 10 0 SEC
100%
Week 12 (11/19) 1 Alabama 11 0 SEC
100%
Week 13 (11/26) 5 Alabama 11 1 SEC
100%
Week 14 (12/3) 4 Alabama 11 1 SEC
100%
Postseason 1 Alabama 13 1 SEC
100%
Preseason 7 Oklahoma 0 0 Big 12
100%
Week 1 (9/5) 5 Oklahoma 1 0 Big Ten
100%
Week 2 (9/10) 2 Oklahoma 2 0 Big 12
100%
Week 3 (9/17) 3 Oklahoma 3 0 Big 12
100%
Week 4 (9/24) 3 Oklahoma 4 0 Big 12
100%
Week 5 (10/1) 3 Oklahoma 4 0 Big 12
100%
Week 6 (10/8) 12 Oklahoma 4 1 Big 12
100%
Week 7 (10/15) 9 Oklahoma 5 1 Big 12
100%
Week 8 (10/22) 10 Oklahoma 6 1 Big 12
100%
Week 9 (10/29) 8 Oklahoma 7 1 Big 12
100%
Week 10 (11/5) 5 Oklahoma 8 1 Big 12
100%
Week 11 (11/12) 3 Oklahoma 9 1 Big 12
100%
Week 12 (11/19) 3 Oklahoma 10 1 Big 12
100%
Week 13 (11/26) 2 Oklahoma 11 1 Big 12
100%
Week 14 (12/3) 2 Oklahoma 12 1 Big 12
100%
Postseason 3 Oklahoma 12 2 Big 12
100%
Preseason 6 Penn State 0 0 Big Ten
100%
Week 1 (9/5) 4 Penn State 1 0 Big Ten
100%
Week 2 (9/10) 5 Penn State 2 0 Big Ten
100%
Week 3 (9/17) 4 Penn State 3 0 Big Ten
100%
Week 4 (9/24) 4 Penn State 4 0 Big Ten
100%
Week 5 (10/1) 4 Penn State 5 0 Big Ten
100%
Week 6 (10/8) 3 Penn State 6 0 Big Ten
100%
Week 7 (10/15) 2 Penn State 6 0 Big Ten
100%
Week 8 (10/22) 2 Penn State 7 0 Big Ten
100%
Week 9 (10/29) 7 Penn State 7 1 Big Ten
100%
Week 10 (11/5) 16 Penn State 7 2 Big Ten
100%
Week 11 (11/12) 13 Penn State 8 2 Big Ten
100%
Week 12 (11/19) 12 Penn State 9 2 Big Ten
100%
Week 13 (11/26) 9 Penn State 10 2 Big Ten
100%
Week 14 (12/3) 9 Penn State 10 2 Big Ten
100%
Postseason 8 Penn State 11 2 Big Ten
100%
Preseason 23 Texas 0 0 Big 12
100%
Preseason 4 USC 0 0 Pac-12
100%
Week 1 (9/5) 6 USC 1 0 Pac-12
100%
Week 2 (9/10) 4 USC 2 0 Pac-12
100%
Week 3 (9/17) 5 USC 3 0 Pac-12
100%
Week 4 (9/24) 5 USC 4 0 Pac-12
100%
Week 5 (10/1) 14 USC 4 1 Pac-12
100%
Week 6 (10/8) 13 USC 5 1 Pac-12
100%
Week 7 (10/15) 11 USC 6 1 Pac-12
100%
Week 8 (10/22) 21 USC 6 2 Pac-12
100%
Week 9 (10/29) 17 USC 7 2 Pac-12
100%
Week 10 (11/5) 15 USC 8 2 Pac-12
100%
Week 11 (11/12) 12 USC 9 2 Pac-12
100%
Week 12 (11/19) 11 USC 10 2 Pac-12
100%
Week 13 (11/26) 11 USC 10 2 Pac-12
100%
Week 14 (12/3) 8 USC 11 2 Pac-12
100%
Postseason 12 USC 11 3 Pac-12
100%
Preseason 5 Clemson 0 0 ACC
96%
Week 1 (9/5) 3 Clemson 1 0 ACC
96%
Week 2 (9/10) 3 Clemson 2 0 ACC
96%
Week 3 (9/17) 2 Clemson 3 0 ACC
96%
Week 4 (9/24) 2 Clemson 4 0 ACC
96%
Week 5 (10/1) 2 Clemson 5 0 ACC
96%
Week 6 (10/8) 2 Clemson 6 0 ACC
96%
Week 7 (10/15) 7 Clemson 6 1 ACC
96%
Week 8 (10/22) 7 Clemson 6 1 ACC
96%
Week 9 (10/29) 6 Clemson 7 1 ACC
96%
Week 10 (11/5) 4 Clemson 8 1 ACC
96%
Week 11 (11/12) 4 Clemson 9 1 ACC
96%
Week 12 (11/19) 4 Clemson 10 1 ACC
96%
Week 13 (11/26) 1 Clemson 11 1 ACC
96%
Week 14 (12/3) 1 Clemson 12 1 ACC
96%
Postseason 4 Clemson 12 2 ACC
96%
Preseason 17 Florida 0 0 SEC
96%
Week 1 (9/5) 22 Florida 0 1 SEC
96%
Week 2 (9/10) 24 Florida 0 1 SEC
96%
Week 3 (9/17) 20 Florida 1 1 SEC
96%
Week 4 (9/24) 21 Florida 2 1 SEC
96%
Week 5 (10/1) 21 Florida 3 1 SEC
96%
Preseason 3 Florida State 0 0 ACC
96%
Week 1 (9/5) 10 Florida State 0 1 ACC
96%
Week 2 (9/10) 11 Florida State 0 1 ACC
96%
Week 3 (9/17) 12 Florida State 0 1 ACC
96%
Preseason 15 Georgia 0 0 SEC
96%
Week 1 (9/5) 15 Georgia 1 0 SEC
96%
Week 2 (9/10) 13 Georgia 2 0 SEC
96%
Week 3 (9/17) 11 Georgia 3 0 SEC
96%
Week 4 (9/24) 7 Georgia 4 0 SEC
96%
Week 5 (10/1) 5 Georgia 5 0 SEC
96%
Week 6 (10/8) 4 Georgia 6 0 SEC
96%
Week 7 (10/15) 3 Georgia 7 0 SEC
96%
Week 8 (10/22) 3 Georgia 7 0 SEC
96%
Week 9 (10/29) 2 Georgia 8 0 SEC
96%
Week 10 (11/5) 2 Georgia 9 0 SEC
96%
Week 11 (11/12) 7 Georgia 9 1 SEC
96%
Week 12 (11/19) 7 Georgia 10 1 SEC
96%
Week 13 (11/26) 6 Georgia 11 1 SEC
96%
Week 14 (12/3) 3 Georgia 12 1 SEC
96%
Postseason 2 Georgia 13 2 SEC
96%
Preseason 11 Michigan 0 0 Big Ten
96%
Week 1 (9/5) 8 Michigan 1 0 Big Ten
96%
Week 2 (9/10) 7 Michigan 2 0 Big Ten
96%
Week 3 (9/17) 8 Michigan 3 0 Big Ten
96%
Week 4 (9/24) 8 Michigan 4 0 Big Ten
96%
Week 5 (10/1) 7 Michigan 4 0 Big Ten
96%
Week 6 (10/8) 17 Michigan 4 1 Big Ten
96%
Week 7 (10/15) 19 Michigan 5 1 Big Ten
96%
Week 10 (11/5) 21 Michigan 7 2 Big Ten
96%
Week 11 (11/12) 19 Michigan 8 2 Big Ten
96%
Preseason 2 Ohio State 0 0 Big Ten
96%
Week 1 (9/5) 2 Ohio State 1 0 Big Ten
96%
Week 2 (9/10) 8 Ohio State 1 1 Big Ten
96%
Week 3 (9/17) 10 Ohio State 2 1 Big Ten
96%
Week 4 (9/24) 11 Ohio State 3 1 Big Ten
96%
Week 5 (10/1) 10 Ohio State 4 1 Big Ten
96%
Week 6 (10/8) 9 Ohio State 5 1 Big Ten
96%
Week 7 (10/15) 6 Ohio State 6 1 Big Ten
96%
Week 8 (10/22) 6 Ohio State 6 1 Big Ten
96%
Week 9 (10/29) 3 Ohio State 7 1 Big Ten
96%
Week 10 (11/5) 11 Ohio State 7 2 Big Ten
96%
Week 11 (11/12) 8 Ohio State 8 2 Big Ten
96%
Week 12 (11/19) 8 Ohio State 9 2 Big Ten
96%
Week 13 (11/26) 8 Ohio State 10 2 Big Ten
96%
Week 14 (12/3) 5 Ohio State 11 2 Big Ten
96%
Postseason 5 Ohio State 12 2 Big Ten
96%
Week 3 (9/17) 24 Oregon 3 0 Pac-12
96%
Week 2 (9/10) 25 UCLA 2 0 Pac-12
96%
Preseason 8 Washington 0 0 Pac-12
96%
Week 1 (9/5) 7 Washington 1 0 Pac-12
96%
Week 2 (9/10) 6 Washington 2 0 Pac-12
96%
Week 3 (9/17) 7 Washington 3 0 Pac-12
96%
Week 4 (9/24) 6 Washington 4 0 Pac-12
96%
Week 5 (10/1) 6 Washington 5 0 Pac-12
96%
Week 6 (10/8) 5 Washington 6 0 Pac-12
96%
Week 7 (10/15) 12 Washington 6 1 Pac-12
96%
Week 8 (10/22) 12 Washington 6 1 Pac-12
96%
Week 9 (10/29) 12 Washington 7 1 Pac-12
96%
Week 10 (11/5) 9 Washington 8 1 Pac-12
96%
Week 11 (11/12) 16 Washington 8 2 Pac-12
96%
Week 12 (11/19) 15 Washington 9 2 Pac-12
96%
Week 13 (11/26) 13 Washington 10 2 Pac-12
96%
Week 14 (12/3) 12 Washington 10 2 Pac-12
96%
Postseason 16 Washington 10 3 Pac-12
96%
Preseason 10 Oklahoma State 0 0 Big 12
91%
Week 1 (9/5) 11 Oklahoma State 1 0 Big 12
91%
Week 2 (9/10) 9 Oklahoma State 2 0 Big 12
91%
Week 3 (9/17) 6 Oklahoma State 3 0 Big 12
91%
Week 4 (9/24) 15 Oklahoma State 3 1 Big 12
91%
Week 5 (10/1) 15 Oklahoma State 4 1 Big 12
91%
Week 6 (10/8) 14 Oklahoma State 4 1 Big 12
91%
Week 7 (10/15) 10 Oklahoma State 5 1 Big 12
91%
Week 8 (10/22) 11 Oklahoma State 6 1 Big 12
91%
Week 9 (10/29) 11 Oklahoma State 7 1 Big 12
91%
Week 10 (11/5) 12 Oklahoma State 7 2 Big 12
91%
Week 11 (11/12) 10 Oklahoma State 8 2 Big 12
91%
Week 12 (11/19) 18 Oklahoma State 8 3 Big 12
91%
Week 13 (11/26) 18 Oklahoma State 9 3 Big 12
91%
Week 14 (12/3) 17 Oklahoma State 9 3 Big 12
91%
Postseason 14 Oklahoma State 10 3 Big 12
91%
Week 1 (9/5) 23 TCU 1 0 Big 12
91%
Week 2 (9/10) 20 TCU 2 0 Big 12
91%
Week 3 (9/17) 16 TCU 3 0 Big 12
91%
Week 4 (9/24) 9 TCU 4 0 Big 12
91%
Week 5 (10/1) 8 TCU 4 0 Big 12
91%
Week 6 (10/8) 6 TCU 5 0 Big 12
91%
Week 7 (10/15) 4 TCU 6 0 Big 12
91%
Week 8 (10/22) 4 TCU 7 0 Big 12
91%
Week 9 (10/29) 10 TCU 7 1 Big 12
91%
Week 10 (11/5) 8 TCU 8 1 Big 12
91%
Week 11 (11/12) 11 TCU 8 2 Big 12
91%
Week 12 (11/19) 10 TCU 9 2 Big 12
91%
Week 13 (11/26) 10 TCU 10 2 Big 12
91%
Week 14 (12/3) 13 TCU 10 3 Big 12
91%
Postseason 9 TCU 11 3 Big 12
91%
Preseason 9 Wisconsin 0 0 Big Ten
91%
Week 1 (9/5) 9 Wisconsin 1 0 Big Ten
91%
Week 2 (9/10) 10 Wisconsin 2 0 Big Ten
91%
Week 3 (9/17) 9 Wisconsin 3 0 Big Ten
91%
Week 4 (9/24) 10 Wisconsin 3 0 Big Ten
91%
Week 5 (10/1) 9 Wisconsin 4 0 Big Ten
91%
Week 6 (10/8) 7 Wisconsin 5 0 Big Ten
91%
Week 7 (10/15) 5 Wisconsin 6 0 Big Ten
91%
Week 8 (10/22) 5 Wisconsin 7 0 Big Ten
91%
Week 9 (10/29) 4 Wisconsin 8 0 Big Ten
91%
Week 10 (11/5) 6 Wisconsin 9 0 Big Ten
91%
Week 11 (11/12) 5 Wisconsin 10 0 Big Ten
91%
Week 12 (11/19) 5 Wisconsin 11 0 Big Ten
91%
Week 13 (11/26) 3 Wisconsin 12 0 Big Ten
91%
Week 14 (12/3) 6 Wisconsin 12 1 Big Ten
91%
Postseason 7 Wisconsin 13 1 Big Ten
91%
Preseason 12 Auburn 0 0 SEC
87%
Week 1 (9/5) 13 Auburn 1 0 SEC
87%
Week 2 (9/10) 15 Auburn 1 1 SEC
87%
Week 3 (9/17) 15 Auburn 2 1 SEC
87%
Week 4 (9/24) 13 Auburn 3 1 SEC
87%
Week 5 (10/1) 12 Auburn 4 1 SEC
87%
Week 6 (10/8) 10 Auburn 5 1 SEC
87%
Week 7 (10/15) 21 Auburn 5 2 SEC
87%
Week 8 (10/22) 19 Auburn 6 2 SEC
87%
Week 9 (10/29) 16 Auburn 6 2 SEC
87%
Week 10 (11/5) 10 Auburn 7 2 SEC
87%
Week 11 (11/12) 6 Auburn 8 2 SEC
87%
Week 12 (11/19) 6 Auburn 9 2 SEC
87%
Week 13 (11/26) 4 Auburn 10 2 SEC
87%
Week 14 (12/3) 7 Auburn 10 3 SEC
87%
Postseason 10 Auburn 10 4 SEC
87%
Preseason 13 LSU 0 0 SEC
87%
Week 1 (9/5) 12 LSU 1 0 SEC
87%
Week 2 (9/10) 12 LSU 2 0 SEC
87%
Week 3 (9/17) 25 LSU 2 1 SEC
87%
Week 4 (9/24) 25 LSU 3 1 SEC
87%
Week 7 (10/15) 24 LSU 5 2 SEC
87%
Week 8 (10/22) 23 LSU 6 2 SEC
87%
Week 9 (10/29) 19 LSU 6 2 SEC
87%
Week 11 (11/12) 21 LSU 7 3 SEC
87%
Week 12 (11/19) 19 LSU 8 3 SEC
87%
Week 13 (11/26) 17 LSU 9 3 SEC
87%
Week 14 (12/3) 16 LSU 9 3 SEC
87%
Postseason 18 LSU 9 4 SEC
87%
Week 6 (10/8) 21 Michigan State 4 1 Big Ten
87%
Week 7 (10/15) 18 Michigan State 5 1 Big Ten
87%
Week 8 (10/22) 16 Michigan State 6 1 Big Ten
87%
Week 9 (10/29) 24 Michigan State 6 2 Big Ten
87%
Week 10 (11/5) 13 Michigan State 7 2 Big Ten
87%
Week 11 (11/12) 22 Michigan State 7 3 Big Ten
87%
Week 12 (11/19) 21 Michigan State 8 3 Big Ten
87%
Week 13 (11/26) 19 Michigan State 9 3 Big Ten
87%
Week 14 (12/3) 18 Michigan State 9 3 Big Ten
87%
Postseason 15 Michigan State 10 3 Big Ten
87%
Week 10 (11/5) 25 Iowa 6 3 Big Ten
83%
Week 3 (9/17) 23 Utah 3 0 Pac-12
83%
Week 4 (9/24) 20 Utah 4 0 Pac-12
83%
Week 5 (10/1) 20 Utah 4 0 Pac-12
83%
Week 8 (10/22) 25 Iowa State 5 2 Big 12
78%
Week 9 (10/29) 14 Iowa State 6 2 Big 12
78%
Week 10 (11/5) 24 Iowa State 6 3 Big 12
78%
Week 3 (9/17) 17 Mississippi State 3 0 SEC
78%
Week 4 (9/24) 24 Mississippi State 3 1 SEC
78%
Week 9 (10/29) 21 Mississippi State 6 2 SEC
78%
Week 10 (11/5) 18 Mississippi State 7 2 SEC
78%
Week 11 (11/12) 17 Mississippi State 7 3 SEC
78%
Week 12 (11/19) 16 Mississippi State 8 3 SEC
78%
Week 13 (11/26) 24 Mississippi State 8 4 SEC
78%
Week 14 (12/3) 24 Mississippi State 8 4 SEC
78%
Postseason 19 Mississippi State 9 4 SEC
78%
Week 5 (10/1) 24 NC State 4 1 ACC
78%
Week 6 (10/8) 20 NC State 5 1 ACC
78%
Week 7 (10/15) 17 NC State 6 1 ACC
78%
Week 8 (10/22) 14 NC State 6 1 ACC
78%
Week 9 (10/29) 20 NC State 6 2 ACC
78%
Week 11 (11/12) 25 NC State 7 3 ACC
78%
Postseason 23 NC State 9 4 ACC
78%
Week 1 (9/5) 24 Notre Dame 1 0 Independent
78%
Week 4 (9/24) 22 Notre Dame 3 1 Independent
78%
Week 5 (10/1) 21 Notre Dame 4 1 Independent
78%
Week 6 (10/8) 16 Notre Dame 5 1 Independent
78%
Week 7 (10/15) 13 Notre Dame 5 1 Independent
78%
Week 8 (10/22) 9 Notre Dame 6 1 Independent
78%
Week 9 (10/29) 5 Notre Dame 7 1 Independent
78%
Week 10 (11/5) 3 Notre Dame 8 1 Independent
78%
Week 11 (11/12) 9 Notre Dame 8 2 Independent
78%
Week 12 (11/19) 9 Notre Dame 9 2 Independent
78%
Week 13 (11/26) 15 Notre Dame 9 3 Independent
78%
Week 14 (12/3) 14 Notre Dame 9 3 Independent
78%
Postseason 11 Notre Dame 10 3 Independent
78%
Preseason 25 Tennessee 0 0 SEC
78%
Week 1 (9/5) 25 Tennessee 1 0 SEC
78%
Week 2 (9/10) 23 Tennessee 2 0 SEC
78%
Preseason 24 Washington State 0 0 Pac-12
78%
Week 1 (9/5) 20 Washington State 1 0 Pac-12
78%
Week 2 (9/10) 21 Washington State 2 0 Pac-12
78%
Week 3 (9/17) 18 Washington State 3 0 Pac-12
78%
Week 4 (9/24) 16 Washington State 4 0 Pac-12
78%
Week 5 (10/1) 11 Washington State 5 0 Pac-12
78%
Week 6 (10/8) 8 Washington State 6 0 Pac-12
78%
Week 7 (10/15) 15 Washington State 6 1 Pac-12
78%
Week 8 (10/22) 15 Washington State 7 1 Pac-12
78%
Week 9 (10/29) 25 Washington State 7 2 Pac-12
78%
Week 10 (11/5) 19 Washington State 8 2 Pac-12
78%
Week 11 (11/12) 15 Washington State 9 2 Pac-12
78%
Week 12 (11/19) 14 Washington State 9 2 Pac-12
78%
Week 13 (11/26) 21 Washington State 9 3 Pac-12
78%
Week 14 (12/3) 21 Washington State 9 3 Pac-12
78%
Preseason 18 Miami 0 0 ACC
74%
Week 1 (9/5) 16 Miami 1 0 ACC
74%
Week 2 (9/10) 17 Miami 1 0 ACC
74%
Week 3 (9/17) 14 Miami 1 0 ACC
74%
Week 4 (9/24) 14 Miami 2 0 ACC
74%
Week 5 (10/1) 13 Miami 3 0 ACC
74%
Week 6 (10/8) 11 Miami 4 0 ACC
74%
Week 7 (10/15) 8 Miami 5 0 ACC
74%
Week 8 (10/22) 8 Miami 6 0 ACC
74%
Week 9 (10/29) 9 Miami 7 0 ACC
74%
Week 10 (11/5) 7 Miami 8 0 ACC
74%
Week 11 (11/12) 2 Miami 9 0 ACC
74%
Week 12 (11/19) 2 Miami 10 0 ACC
74%
Week 13 (11/26) 7 Miami 10 1 ACC
74%
Week 14 (12/3) 11 Miami 10 2 ACC
74%
Postseason 13 Miami 10 3 ACC
74%
Preseason 14 Stanford 0 0 Pac-12
74%
Week 1 (9/5) 14 Stanford 1 0 Pac-12
74%
Week 2 (9/10) 19 Stanford 1 1 Pac-12
74%
Week 6 (10/8) 23 Stanford 4 2 Pac-12
74%
Week 7 (10/15) 22 Stanford 5 2 Pac-12
74%
Week 8 (10/22) 20 Stanford 5 2 Pac-12
74%
Week 9 (10/29) 18 Stanford 6 2 Pac-12
74%
Week 11 (11/12) 20 Stanford 7 3 Pac-12
74%
Week 12 (11/19) 20 Stanford 8 3 Pac-12
74%
Week 13 (11/26) 14 Stanford 9 3 Pac-12
74%
Week 14 (12/3) 15 Stanford 9 4 Pac-12
74%
Postseason 20 Stanford 9 5 Pac-12
74%
Week 5 (10/1) 25 UCF 3 0 American
74%
Week 6 (10/8) 22 UCF 4 0 American
74%
Week 7 (10/15) 20 UCF 5 0 American
74%
Week 8 (10/22) 18 UCF 6 0 American
74%
Week 9 (10/29) 15 UCF 7 0 American
74%
Week 10 (11/5) 14 UCF 8 0 American
74%
Week 11 (11/12) 14 UCF 9 0 American
74%
Week 12 (11/19) 13 UCF 10 0 American
74%
Week 13 (11/26) 12 UCF 11 0 American
74%
Week 14 (12/3) 10 UCF 12 0 American
74%
Postseason 6 UCF 13 0 American
74%
Preseason 21 Virginia Tech 0 0 ACC
74%
Week 1 (9/5) 18 Virginia Tech 1 0 ACC
74%
Week 2 (9/10) 16 Virginia Tech 2 0 ACC
74%
Week 3 (9/17) 13 Virginia Tech 3 0 ACC
74%
Week 4 (9/24) 12 Virginia Tech 4 0 ACC
74%
Week 5 (10/1) 16 Virginia Tech 4 1 ACC
74%
Week 6 (10/8) 15 Virginia Tech 5 1 ACC
74%
Week 7 (10/15) 14 Virginia Tech 5 1 ACC
74%
Week 8 (10/22) 13 Virginia Tech 6 1 ACC
74%
Week 9 (10/29) 13 Virginia Tech 7 1 ACC
74%
Week 10 (11/5) 17 Virginia Tech 7 2 ACC
74%
Week 12 (11/19) 24 Virginia Tech 8 3 ACC
74%
Week 13 (11/26) 22 Virginia Tech 9 3 ACC
74%
Week 14 (12/3) 22 Virginia Tech 9 3 ACC
74%
Postseason 24 Virginia Tech 9 4 ACC
74%
Week 12 (11/19) 25 Boise State 9 2 Mountain West
70%
Week 14 (12/3) 25 Boise State 10 3 Mountain West
70%
Postseason 22 Boise State 11 3 Mountain West
70%
Preseason 20 Kansas State 0 0 Big 12
65%
Week 1 (9/5) 19 Kansas State 1 0 Big 12
65%
Week 2 (9/10) 18 Kansas State 2 0 Big 12
65%
Week 9 (10/29) 23 Arizona 6 2 Pac-12
61%
Preseason 16 Louisville 0 0 ACC
61%
Week 1 (9/5) 17 Louisville 1 0 ACC
61%
Week 2 (9/10) 14 Louisville 2 0 ACC
61%
Week 3 (9/17) 19 Louisville 2 1 ACC
61%
Week 4 (9/24) 17 Louisville 3 1 ACC
61%
Week 5 (10/1) 17 Louisville 4 1 ACC
61%
Week 7 (10/15) 25 Memphis 5 1 American
61%
Week 8 (10/22) 24 Memphis 6 1 American
61%
Week 9 (10/29) 22 Memphis 7 1 American
61%
Week 10 (11/5) 20 Memphis 8 1 American
61%
Week 11 (11/12) 18 Memphis 8 1 American
61%
Week 12 (11/19) 17 Memphis 9 1 American
61%
Week 13 (11/26) 16 Memphis 10 1 American
61%
Week 14 (12/3) 19 Memphis 10 2 American
61%
Postseason 25 Memphis 10 3 American
61%
Week 6 (10/8) 24 Texas Tech 4 1 Big 12
61%
Preseason 22 West Virginia 0 0 Big 12
61%
Week 4 (9/24) 23 West Virginia 3 1 Big 12
61%
Week 5 (10/1) 23 West Virginia 3 1 Big 12
61%
Week 7 (10/15) 23 West Virginia 4 2 Big 12
61%
Week 8 (10/22) 22 West Virginia 5 2 Big 12
61%
Week 10 (11/5) 23 West Virginia 6 3 Big 12
61%
Week 11 (11/12) 24 West Virginia 7 3 Big 12
61%
Preseason 19 South Florida 0 0 American
57%
Week 1 (9/5) 21 South Florida 1 0 American
57%
Week 2 (9/10) 22 South Florida 2 0 American
57%
Week 3 (9/17) 21 South Florida 3 0 American
57%
Week 4 (9/24) 18 South Florida 4 0 American
57%
Week 5 (10/1) 18 South Florida 5 0 American
57%
Week 6 (10/8) 18 South Florida 5 0 American
57%
Week 7 (10/15) 16 South Florida 6 0 American
57%
Week 8 (10/22) 17 South Florida 7 0 American
57%
Week 10 (11/5) 22 South Florida 8 1 American
57%
Week 11 (11/12) 23 South Florida 8 1 American
57%
Week 12 (11/19) 22 South Florida 9 1 American
57%
Week 13 (11/26) 23 South Florida 9 2 American
57%
Week 14 (12/3) 23 South Florida 9 2 American
57%
Postseason 21 South Florida 10 2 American
57%
Week 12 (11/19) 23 Northwestern 8 3 Big Ten
48%
Week 13 (11/26) 20 Northwestern 9 3 Big Ten
48%
Week 14 (12/3) 20 Northwestern 9 3 Big Ten
48%
Postseason 17 Northwestern 10 3 Big Ten
48%
Week 6 (10/8) 25 Navy 5 0 American
43%
Week 3 (9/17) 22 San Diego State 3 0 Mountain West
30%
Week 4 (9/24) 19 San Diego State 4 0 Mountain West
30%
Week 5 (10/1) 19 San Diego State 5 0 Mountain West
30%
Week 6 (10/8) 19 San Diego State 6 0 Mountain West
30%
Week 13 (11/26) 25 Fresno State 9 3 Mountain West
22%
No matching quizzes found
Score Distribution
Percent of People with Each Score
Percentile by Number Answered
Your Score History
You have not taken this quiz